000 01554nam0a2200361 4500
001 RU\NLR\bibl\905173
005 20260406123558.0
010 _a5-17-031385-3
_bАСТ
010 _a5-9713-0433-X
_bАСТ Москва
010 _a5-9578-1920-4
_bТранзиткнига
_93000
021 _aRU
_b2005-77994
_93846
035 _a(nilc)RSL-KNO-002774677
035 _a(NLR Aleph) 000893584
090 _a1733607
_c1733607
100 _a20051201d2005 |||y0rusy50 ca
101 1 _arus
_ceng
102 _aRU
105 _ay |||||||||
106 _ar
200 1 _aРабы любви
_e[роман]
_fБарбара Картленд
_g[пер. с англ. Ю. Бушевой]
210 _aМ.
_cАСТ [и др.]
_d2005
_gГУП ИПК Ульян. Дом печати
215 _a158, [1] с.
_d17
610 0 _aФилологические науки. Художественная литература -- Великобритания -- Английская литература -- с 1945 г. -- Произведения художественной литературы -- Художественная проза -- Романы. Повести. Рассказы
686 _aШ5(4Вл)62-644
_2rubbk
686 _aШ6(4Вл)67-440.4{Лх1299-50}
700 1 _4070
_8rus
_7ca
_aКартланд
_bБ.
_f1901-2000
_gБарбара
_3RU\NLR\auth\77841
_9110879
801 0 _aRU
_bRuMoRKP
_c20051201
_grcr
801 1 _aRU
_bRuMoRGB
_c20051201
801 2 _aRU
_bNLR
_c20060208
_grcr
942 _cBOOK
980 _aNB